000 00604nam a2200145Ia 4500
008 100122s9999 xx 000 0 und d
082 _b13298
_a332.41
100 _aनातू मोरेश्वर नारायण
245 _aनोकरी करणारांसाठी मार्गदर्शन
260 _bउद्यम प्रकाशन
_c1965
300 _a52
630 _aनोकरी करणारांसाठी मार्गदर्शन
730 _aनोकरी करणारांसाठी मार्गदर्शन
942 _cBOOK
999 _c404128
_d404125